000 00695nam a2200229Ia 4500
003 OSt
005 20220923230739.0
006 a|||||r|||| 00| 0
007 ta
008 Pun
024 _a305,250
037 _cTextual
040 _aARTS
_cARTS
_bPun
041 _2Pun
_aPun
082 _aV236:1wM20, 153H5
100 _aਹੋਤੀ, ਪ੍ਰੇਮ ਸਿੰਘ
_9156315
245 0 _aਜੀਵਨ ਬ੍ਰਿਤਾਂਤ ਮਹਾਰਾਜਾ ਨੌਨਿਹਾਲ ਸਿੰਘ
260 _c1945
650 _aਭਾਰਤੀਯ ਇਤਿਹਾਸ
942 _hV236:1wM20, 153H5
_cTEXL
_2CC
999 _c387053
_d387053